000 00300nam a2200133Ia 4500
008 240913s9999||||xx |||||||||||||| ||und||
082 _a830 BOY/G
100 _aNicholas Boyle
245 0 _aGerman Literature
250 _aNULL
260 _bOxford
_aCalcutta
_c2008
300 _a171
942 _cBKS
999 _c14690
_d14690